|
|
|
|
| LEADER |
01427nam a2200313 4500 |
| 001 |
32756 |
| 003 |
BD-DhAAL |
| 005 |
20211207121257.0 |
| 008 |
180213r20172016nyua 001 0 eng d |
| 999 |
|
|
|c 39113
|d 39113
|
| 020 |
|
|
|a 9781138568440
|
| 020 |
|
|
|a 9780321795731
|
| 040 |
|
|
|a BD-DhAAL
|
| 082 |
|
|
|a 338.9001
|2 22
|
| 100 |
|
|
|a Weil, David N.
|9 24958
|
| 245 |
|
|
|a Economic Growth /
|b by David N. Weil.
|
| 250 |
|
|
|a 3 rd Ed.
|
| 260 |
|
|
|b Routledge :
|a New York
|c c2014 [2017]
|
| 300 |
|
|
|a xx, 556 pages :
|b illustrations ;
|c 22 cm.
|
| 504 |
|
|
|6 Includes bibliographical references (pages 514-529) and index.
|
| 526 |
|
|
|a AAL
|
| 541 |
|
|
|a STS International
|e 32756
|
| 650 |
|
|
|a Economic development.
|9 24959
|
| 650 |
|
|
|a Economics.
|9 43510
|
| 852 |
|
|
|a Ayesha Abed Library
|c General Stacks
|
| 942 |
|
|
|2 ddc
|c BK
|
| 952 |
|
|
|0 0
|1 0
|2 ddc
|4 0
|6 338_900100000000000_WEI
|7 0
|9 62728
|a BRACUL
|b BRACUL
|c GEN
|d 2018-02-12
|e STS International
|g 2190.00
|l 2
|m 15
|o 338.9001 WEI
|p 3010032758
|r 2024-10-03
|s 2024-06-01
|t 3
|v 2190.00
|w 2018-02-12
|y BK
|
| 952 |
|
|
|0 0
|1 0
|2 ddc
|4 0
|6 338_900100000000000_WEI
|7 0
|9 62729
|a BRACUL
|b BRACUL
|c GEN
|d 2018-02-12
|e STS International
|g 2190.00
|l 2
|m 8
|o 338.9001 WEI
|p 3010032757
|r 2024-05-08
|s 2024-03-02
|t 2
|v 2190.00
|w 2018-02-12
|y BK
|
| 952 |
|
|
|0 0
|1 0
|2 ddc
|4 0
|6 338_900100000000000_WEI
|7 0
|9 62730
|a BRACUL
|b BRACUL
|c CIR
|d 2018-02-12
|e STS International
|g 2190.00
|l 0
|o 338.9001 WEI
|p 3010032756
|r 2018-02-12
|t 1
|v 2190.00
|w 2018-02-12
|y 1HOUR
|